2024 NFL Starting QBs - Statistics

General Stats
  • This quiz has been taken 110 times
  • The average score is 18 of 20
Answer Stats
Picture Answer % Correct
Joe Burrow
100%
Patrick Mahomes
100%
Josh Allen
98%
Kirk Cousins
98%
C.J. Stroud
97%
Russell Wilson
97%
Trevor Lawrence
97%
Dak Prescott
96%
Jordan Love
96%
Lamar Jackson
96%
Baker Mayfield
95%
Jalen Hurts
95%
Matthew Stafford
95%
Brock Purdy
94%
Derek Carr
91%
Bryce Young
88%
Justin Herbert
88%
Anthony Richardson
87%
Tommy DeVito
65%
Aidan O'Connell
57%
No matching quizzes found
Score Distribution
Percent of People with Each Score
Percentile by Number Answered
Your Score History
You have not taken this quiz